000 00679nam a2200289Ia 4500
005 20260324124329.0
008 008 260324s9999 xx 000 0 eng d
020 _a9780429480362
037 _aEBOOK
040 _aCRL
040 _beng
040 _cCRL
041 _2eng
041 _aeng
084 _qCRL
100 _aRichard J. Alapack
_91173733
245 0 _aSorrow's Profiles
245 0 _bDeath, Grief, and Crisis in the Family
260 _bTaylor and Francis
260 _c2010
365 _a
365 _b205
856 _uhttp://www.taylorfrancis.com/books/9780429480362
942 _cEBOOK
999 _c1768034
_d1768034